Statistics for The Third Country In These Series

Click here to take the quiz!

General Stats

  • This quiz has been taken 40 times
    (34 since last reset)
  • The average score is 8 of 11

Answer Stats

1 Country of Series2 Country of Series3 Country of Series% Correct
IndiaPakistanBangladesh
94%
CanadaRussiaUnited States
94%
CanadaUnited StatesMexico
84%
RussiaCanadaUnited States
84%
ChinaIndiaUnited States
84%
CanadaUnited StatesBrazil
81%
GermanyAustria-HungaryItaly
81%
AfghanistanAlbaniaAlgeria
75%
United StatesChinaJapan
66%
VaticanMonacoNauru
63%
AustraliaIndonesiaMadagascar
19%

Score Distribution

Percentile by Number Answered

Percent of People with Each Score

Your Score History

You have not taken this quiz since the last reset